Sports Quiz

Random Sports or NFL Quiz

NFL: Oddities of the 2000s Quiz Stats

 Plays Quiz not verified by Sporcle

Score 0/19 Timer 05:00
0 Plays Today
This team... Team % Correct
Lost all 16 games in the season (starting off with an easy one) Detroit Lions
99.1%
Beat the Tennessee Titans 59-0New England Patriots
60.8%
Tied the Cincinnati BengalsPhiladelphia Eagles
57.7%
Scored a miraculous 70 yard hook-and-ladder touchdown as time expired...but missed the extra point that would have tied the game. This loss eliminated them from playoff contentionNew Orleans Saints
46.3%
Had a kicker who attempted a 76 yard field goal. Surprisingly, the kick fell shortOakland Raiders
44.6%
Beat the Cleveland Browns 58-48, in the highest scoring game since the AFC-NFC combineCincinnati Bengals
42.1%
Came the closest to beating the 16-0 Patriots in the regular season, but were the only team who lost to the Dolphins (who finished 1-15) Baltimore Ravens
40.3%
Had a kicker attempt a 64 yard field goal (which would break the record)...but hit the uprightOakland Raiders
39.3%
Returned a field goal 109 yards for a touchdownSan Diego Chargers
35.1%
Tied the Pittsburgh SteelersAtlanta Falcons
30.6%
This team... Team % Correct
Won the first game of the season, but lost the remaining 15Carolina Panthers
27%
Beat the Rams in double overtime to win a trip to the conference finalsCarolina Panthers
26.8%
The Eagles decided to try an onside kick to start the game, which ended in a disaster. This team returned the kick for a touchdown gaining a 7-0 lead four seconds into the gameDallas Cowboys
26.3%
Started out 6-0, but lost to the 3-12 Cardinals in Week 17 on a 30 yard touchdown pass as time expired, knocking them out of the playoffsMinnesota Vikings
24.2%
Committed a pass interference penalty against the Lions on the Hail Mary pass at the end of the game. The Lions got a free play at the 1 yard line and scored the game-winning touchCleveland Browns
22.7%
Scored two safeties in one game against the PackersMinnesota Vikings
19.9%
Beat the Jacksonville Jaguars on a 50-yard Hail Mary Pass as time expiredCleveland Browns
13.1%
Went 2-14, with both wins coming in overtime against the same teamSan Francisco 49ers
12.5%
Beat the Tennessee Titans in overtime...on a safetyChicago Bears
8.3%

You're not logged in!

Compare scores with friends on all Sporcle quizzes.
OR
Log In

Show Comments

Extras

Created Nov 5, 2010ReportNominate
Tags:NFL Quiz, 2000, oddity, team

Top Quizzes Today


Score Distribution

Your Account Isn't Verified!

In order to create a playlist on Sporcle, you need to verify the email address you used during registration. Go to your Sporcle Settings to finish the process.

Report this User

Report this user for behavior that violates our Community Guidelines.

Details: